Vista normal
Vista MARC
Entrada Personal Name
Número de registros utilizados en: 1
001 - CONTROL NUMBER
- control field: 5192
003 - CONTROL NUMBER IDENTIFIER
- control field: DLC
005 - DATE AND TIME OF LATEST TRANSACTION
- control field: 20211014082555.0
008 - FIXED-LENGTH DATA ELEMENTS
- fixed length control field: 831130n| acannaabn |n aaa
010 ## - LIBRARY OF CONGRESS CONTROL NUMBER
- LC control number: n 83137875
035 ## - SYSTEM CONTROL NUMBER
- System control number: (OCoLC)oca00968983
040 ## - CATALOGING SOURCE
- Original cataloging agency: DLC
- Language of cataloging: spa
- Transcribing agency: Mx-PuUPA
- Modifying agency: OCoLC
- Modifying agency: Mx-PuUPA
046 ## - SPECIAL CODED DATES
- Birth date: 19420502
100 1# - HEADING--PERSONAL NAME
- Personal name: Galimberti, Umberto,
- Dates associated with a name: 1942-
370 ## - ASSOCIATED PLACE
- Place of birth: Monza, Italia
372 ## - FIELD OF ACTIVITY
- Field of activity: Antropología Cultural
- Field of activity: Filosofía de la Historia
- Field of activity: Psicología General
- Field of activity: Psicología Dinámica
373 ## - ASSOCIATED GROUP
- Associated group: Universidad Católica del Sagrado Corazón
- Associated group: Universidad Católica de Milán
- Associated group: Universidad de Basilea
374 ## - OCCUPATION
- Occupation: Autor
- Occupation: Filósofo
- Occupation: Sociólogo
- Occupation: Psicoanalista
- Occupation: Académico
375 ## - GENDER
- Gender: hombre
377 ## - ASSOCIATED LANGUAGE
- Language code: ita
670 ## - SOURCE DATA FOUND
- Source citation: His Il corpo, 1983:
- Information found: t.p. (Umberto Galimberti) jkt. (b. 1942)
670 ## - SOURCE DATA FOUND
- Source citation: LC data base, 11-23-83
- Information found: (hdg.: Galimberti, Umberto)